Kamus ekonomi. (Record no. 84202)

MARC details
000 -LEADER
fixed length control field 00546nam a22002051 4500
001 - CONTROL NUMBER
control field sa 68011943
003 - CONTROL NUMBER IDENTIFIER
control field DLC
005 - DATE AND TIME OF LATEST TRANSACTION
control field 20260227112605.0
008 - FIXED-LENGTH DATA ELEMENTS--GENERAL INFORMATION
fixed length control field 800929s1966 io bd 00000 ind
010 ## - LIBRARY OF CONGRESS CONTROL NUMBER
LC control number sa 68011943 //r80
025 ## - OVERSEAS ACQUISITION NUMBER
Overseas acquisition number PL480:Indo-5948
050 0# - LIBRARY OF CONGRESS CALL NUMBER
Classification number HB61
Item number .W54
100 10 - MAIN ENTRY--PERSONAL NAME
Personal name Winardi, Jozef,
Dates associated with a name 1931-
245 10 - TITLE STATEMENT
Title Kamus ekonomi.
250 ## - EDITION STATEMENT
Edition statement Edisi 1.
260 0# - PUBLICATION, DISTRIBUTION, ETC.
Place of publication, distribution, etc. Bandung,
Name of publisher, distributor, etc. Academica,
Date of publication, distribution, etc. 1966.
300 ## - PHYSICAL DESCRIPTION
Extent [2], 311 p.
Dimensions 21 cm.
504 ## - BIBLIOGRAPHY, ETC. NOTE
Bibliography, etc. note Bibliography: 2d prelim. page.
650 #0 - SUBJECT ADDED ENTRY--TOPICAL TERM
Topical term or geographic name entry element Economics
General subdivision Dictionaries
-- Indonesian.

No items available.

Powered by Koha